Stratégie o marketingu, reklame, online, médiách a out-of-home

Saved in:
Bibliographic Details
Format: Serial
Language:Slovak
Published: Bratislava SANOMA MAGAZINES SLOVAKIA 2005
Subjects:
Tags: Add Tag
No Tags, Be the first to tag this record!

MARC

LEADER 00000nas2a22000001 4500
001 0089757
005 20090128135118.6
022 |a 1335-2016 
041 0 |a slo 
044 |a SK 
245 1 0 |a Stratégie  |b o marketingu, reklame, online, médiách a out-of-home 
264 1 |a Bratislava  |b SANOMA MAGAZINES SLOVAKIA  |c 2005 
773 0 |w eu_un_cat*s121017 
610 2 0 |a stratégia marketingová 
610 2 0 |a marketing 
610 2 0 |a reklama 
610 2 0 |a prostriedky masovokomunikačné